Sports Quiz

Random Sports or NBA Quiz

NBA & NFL College Match Quiz Stats

 Plays Quiz not verified by Sporcle

Score 0/35 Timer 10:00
0 Plays Today
% Correct
Adrian Peterson
95.2%
Johnny Manziel
90.3%
Andrew Luck
90%
Alex Smith
87.3%
Dez Bryant
87%
Drew Brees
86.1%
Robert Griffin iii
85.5%
Percy Harvin
85.5%
Todd Gurley
84.8%
Derek Carr
84.5%
Teddy Bridgewater
84.5%
Tom Brady
82.1%
A.J. Hawk
80.9%
Peyton Manning
80.6%
Larry Fitzgerald
78.2%
Russell Wilson
78.2%
Aaron Rodgers
76.4%
Jamaal Charles
76.4%
% Correct
Nick Foles
76.1%
Demaryius Thomas
76.1%
Anthony Barr
75.2%
Odell Beckham Jr.
75.2%
Sammy Watkins
74.2%
Eddie Lacy
73.9%
Randall Cobb
73.9%
Leonard Williams
73.6%
Giovani Bernard
71.8%
Vernon Davis
68.5%
Trae Waynes
68.5%
Aqib Talib
67.3%
Eric Decker
60.3%
Chandler Jones
59.4%
Vontae Davis
53.6%
Stephen Gostkowski
47%
Marcel Reece
35.5%

You're not logged in!

Compare scores with friends on all Sporcle quizzes.
OR
Log In

You Might Also Like...

Show Comments

Extras

Top Quizzes Today


Score Distribution

Your Account Isn't Verified!

In order to create a playlist on Sporcle, you need to verify the email address you used during registration. Go to your Sporcle Settings to finish the process.

Report this User

Report this user for behavior that violates our Community Guidelines.

Details: